000 01463nam a22003737a 4500
001 152
003 FISKH
005 20230301115607.0
008 230301b cb ||||| |||| 00| 0 eng d
040 _aDLC
_cDLC
_dIG#
_dBAKER
_dWIQ
_dXY4
_dDLC
_dFISKH
_beng
042 _alcac
043 _an-us-nj
050 0 0 _aPZ7.H732226
_bPen 2006
082 0 0 _a833.912
_222
100 1 _aHolm, Jennifer L.
245 1 0 _aPenny from heaven /
_cby Jennifer L. Holm.
250 _a1st ed.
260 _aNew York
_bYearling
_c2007
300 _a274 p.
_bill. ;
_c20 cm.
505 _aM
520 _aAs she turns twelve during the summer of 1953, Penny gains new insights into herself and her family while also learning a secret about her father's death.
521 8 _a730
_bLexile
521 8 _aM
_bRaz-Plus
650 1 _aFamily life
_zNew Jersey
_vFiction.
650 1 _aItalian Americans
_vFiction.
650 1 _aSecrets
_vFiction.
651 1 _aNew Jersey
_xHistory
_y20th century
_vFiction.
856 4 1 _3Table of contents only
_uhttp://www.loc.gov/catdir/toc/fy0702/2005013896.html
856 4 2 _3Publisher description
_uhttp://www.loc.gov/catdir/enhancements/fy0622/2005013896-d.html
856 4 2 _3Contributor biographical information
_uhttp://www.loc.gov/catdir/enhancements/fy0728/2005013896-b.html
856 4 1 _3Sample text
_uhttp://www.loc.gov/catdir/enhancements/fy0804/2005013896-s.html
906 _a7
_bcbc
_corignew
_d1
_eecip
_f20
_gy-gencatlg
942 _2ddc
_cBK
_n0
999 _c152
_d152